Рассказы. Пьесы; Попрыгунья; История одного торгового предприятия; Палата № 6; От какой болезни умер Ирод; Черный монах; Скрипка Ротшильда; Студент; Супруга; Убийство; Анна на шее; Дом с мезонином; Моя жизнь; Мужики; Печенег; Ионыч; Человек в футляре; Крыжовник; О любви; Душечка; Дама с собачкой; В овраге; На Святках; Архиерей; Невеста; Медведь; Предложение; Свадьба; Три сестры; Вишневый сад

Détails bibliographiques
Auteur principal: Чехов А. П. Антон Павлович
Autres auteurs: Чудаков А. П. (составитель), Медведев В. В. (иллюстратор)
Langue:russe
Publié: Москва, Слово/Slovo, 2000
TOC:Попрыгунья;
История одного торгового предприятия;
Палата № 6;
От какой болезни умер Ирод;
Черный монах;
Скрипка Ротшильда;
Студент;
Супруга;
Убийство;
Анна на шее;
Дом с мезонином;
Моя жизнь;
Мужики;
Печенег;
Ионыч;
Человек в футляре;
Крыжовник;
О любви;
Душечка;
Дама с собачкой;
В овраге;
На Святках;
Архиерей;
Невеста;
Медведь;
Предложение;
Свадьба;
Три сестры;
Вишневый сад;
Collection:Пушкинская библиотека
Sujets:
Format: Livre
KOHA link:https://koha.lib.tpu.ru/cgi-bin/koha/opac-detail.pl?biblionumber=24681

MARC

LEADER 00000nam0a2200000 4500
001 24681
005 20241025063145.0
010 |a 585050432X 
010 |a 5-85050-379-X 
035 |a (RuTPU)RU\TPU\book\24911 
035 |a BOOK00000022 
090 |a 24681 
100 |a 20011209d2000 m y0rusy50 ca 
101 0 |a rus 
102 |a RU 
105 |a y z 000ay 
200 1 |a Рассказы. Пьесы  |f А. П. Чехов  |g сост. А. П. Чудаков; худож. В. В. Медведев 
210 |a Москва  |c Слово/Slovo  |d 2000 
215 |a 544 с. 
225 1 |a Пушкинская библиотека 
320 |a Комментарии: с. 533-539. 
464 |t Попрыгунья 
464 |t История одного торгового предприятия 
464 |t Палата № 6 
464 |t От какой болезни умер Ирод 
464 |t Черный монах 
464 |t Скрипка Ротшильда 
464 |t Студент 
464 |t Супруга 
464 |t Убийство 
464 |t Анна на шее 
464 |t Дом с мезонином 
464 |t Моя жизнь 
464 |t Мужики 
464 |t Печенег 
464 |t Ионыч 
464 |t Человек в футляре 
464 |t Крыжовник 
464 |t О любви 
464 |t Душечка 
464 |t Дама с собачкой 
464 |t В овраге 
464 |t На Святках 
464 |t Архиерей 
464 |t Невеста  |o рассказы 
464 |t Медведь  |o шутка в одном действии 
464 |t Предложение  |o шутка в одном действии 
464 |t Свадьба  |o сцена в одном действии 
464 |t Три сестры  |o драма в четырех действиях 
464 |t Вишневый сад  |o комедия в четырех действиях  |o пьесы 
610 1 |a пьесы 
610 1 |a рассказы 
675 |a Р1  |v 3 
700 1 |a Чехов  |b А. П.  |c русский писатель  |f 1860-1904  |g Антон Павлович  |7 ca  |8 rus  |2 stltpui  |3 (RuTPU)RU\TPU\pers\1035  |9 458 
702 1 |a Чудаков  |b А. П.  |4 220 
702 1 |a Медведев  |b В. В.  |4 440 
801 0 |a RU  |b 63413507  |c 20011209  |g PSBO 
801 2 |a RU  |b 63413507  |c 20081212  |g PSBO 
942 |c BK